Southville International School and Colleges
Your cart is empty.
  • Cart
  • Lists
    Public lists Eva Luna New books Lux_list list_1
    Your lists Log in to create your own lists
  • Log in to your account
  • Your cookies
  • Search history
Southville International School and Colleges
  • Advanced search
  • Recent comments
  • Most popular
  • Libraries

Log in to your account

Log in with GOOGLE


If you do not have an external account, but do have a local account, you can still log in:

  1. Home
  2. MARC view: St. joseph bamboo organ parish population reporistory /
Normal view MARC view ISBD view

St. joseph bamboo organ parish population reporistory / (Record no. 329746)

[ view plain ]
MARC details
000 -LEADER
fixed length control field 00598nam a2200205Ia 4500
008 - FIXED-LENGTH DATA ELEMENTS--GENERAL INFORMATION
fixed length control field 170504s9999 xx 000 0 und d
050 ## - LIBRARY OF CONGRESS CALL NUMBER
Classification number ZA 4081.86
050 ## - LIBRARY OF CONGRESS CALL NUMBER
Item number .B869 2016
100 ## - MAIN ENTRY--PERSONAL NAME
Personal name Broncano, Demmark Elmer R.
245 ## - TITLE STATEMENT
Title St. joseph bamboo organ parish population reporistory /
245 ## - TITLE STATEMENT
Statement of responsibility, etc Demmark Elmer R. Broncano.
260 ## - PUBLICATION, DISTRIBUTION, ETC. (IMPRINT)
Place of publication, distribution, etc Las Piñas, Philippines :
260 ## - PUBLICATION, DISTRIBUTION, ETC. (IMPRINT)
Name of publisher, distributor, etc SISC,
260 ## - PUBLICATION, DISTRIBUTION, ETC. (IMPRINT)
Date of publication, distribution, etc 2016.
300 ## - PHYSICAL DESCRIPTION
Extent 43 pages :
300 ## - PHYSICAL DESCRIPTION
Other physical details illustrations ;
300 ## - PHYSICAL DESCRIPTION
Dimensions 28 cm.
500 ## - GENERAL NOTE
General note Includes bibliographical references and appendices.
521 ## - TARGET AUDIENCE NOTE
Target audience note Information Technology

No items available.

St. joseph bamboo organ parish population reporistory /

APA

Broncano D. E. R., .St. joseph bamboo organ parish population reporistory. Las Piñas, Philippines: .

Chicago

Broncano Demmark Elmer R, .St. joseph bamboo organ parish population reporistory. Las Piñas, Philippines: .

Harvard

Broncano D. E. R., .St. joseph bamboo organ parish population reporistory. Las Piñas, Philippines: .

MLA

Broncano Demmark Elmer R, .Las Piñas, Philippines: . .

  • Print
  • Cite
  • Add to your cart (remove)
  • Save record
    BIBTEX Dublin Core MARCXML MARC (non-Unicode/MARC-8) MARC (Unicode/UTF-8) MARC (Unicode/UTF-8, Standard) MODS (XML) RIS
  • More searches
    Search for this title in:
    Other Libraries (WorldCat) Other Databases (Google Scholar) Online Stores (Bookfinder.com) Open Library (openlibrary.org)

Exporting to Dublin Core...

SOUTHVILLE LIBRARY

Southville International School and Colleges Library

1281 Tropical Ave. Cor. Luxembourg St., BF Homes International, Las Pinas City

Tel. No. 8256374 / 252358 Loc. 117/146

Powered by Koha